|
|
|
|
| LEADER |
00000nss a2200000 a 4500 |
| 003 |
Ucuenca |
| 005 |
20230308222819.0 |
| 008 |
000000|1991 xxu|||||r|||||||||||spa|| |
| 022 |
|
|
|a 0003858X
|
| 040 |
|
|
|b spa
|
| 041 |
0 |
|
|a eng
|
| 082 |
0 |
|
|a 720.5
|b W18a
|
| 245 |
|
|
|a Architectural Record
|c Editores Walter F. Wagner Stephen A. Kliment
|h imp
|
| 264 |
|
|
|a New York
|b McGraw-Hill
|c February 1991
|
| 300 |
|
|
|a 146 páginas:
|b ilu
|c 30 cm
|
| 362 |
|
|
|a vol. 179, no. 2 (febrero 1991)
|
| 650 |
|
|
|a Arquitectura
|9 202274
|
| 650 |
|
|
|a Revista architectural record
|9 201918
|
| 650 |
|
|
|a Construcciones tecnologicas
|9 202275
|
| 650 |
|
0 |
|a Proyectos arquitectónicos
|9 33258
|
| 650 |
|
|
|a Acuario de osaka
|9 202276
|
| 650 |
|
|
|a Iglesias
|9 25692
|
| 700 |
1 |
|
|a Kliment, Stephen A.
|e editor
|9 202194
|
| 700 |
1 |
|
|a Wagner, Walter F.
|e editor
|9 201919
|
| 852 |
|
|
|a UC-CDJBV
|f Donación
|l 1
|m General
|p 00000000
|r 2
|t si91-2
|b 0
|d CDRC
|e CDRC
|g 720.5 W18a TERCER PISO (SECCION REVISTAS)
|z 0000-00-00
|
| 942 |
|
|
|c SER
|
| 999 |
|
|
|c 142007
|d 142007
|